| 000 | 00611cab a2200217 4500 | ||
|---|---|---|---|
| 001 | ABS42575 | ||
| 008 | 090401t1990 xxu||||| |||| 00| 0 eng d | ||
| 035 | _a(Sirsi) u37660 | ||
| 041 | _aeng | ||
| 100 | _aChong, F. | ||
| 245 | _aForeign demand continues | ||
| 260 | _c1990 | ||
| 350 | _a0 | ||
| 490 |
_aWorld Property _vApril 1990, 41(1) |
||
| 520 | _aPredicts that the rise in building activity in Seoul will over-compensate for the present lack of accommodation. | ||
| 650 | _aOFFICES | ||
| 650 | _aREPUBLIC OF KOREA | ||
| 690 | _aOVERSEAS-REST OF THE WORLD | ||
| 942 | _n0 | ||
| 948 | _c04/03/1997 | ||
| 999 |
_c24279 _d24279 |
||